[Event "EU-ch 11th"]
[Site "Rijeka"]
[Date "2010.03.11"]
[Round "6"]
[White "Nepomniachtchi, Ian"]
[Black "Melkumyan, Hrant"]
[Result "1-0"]
[WhiteElo "2656"]
[BlackElo "2582"]
[Annotator "Stohl,I"]
[PlyCount "69"]
[EventDate "2010.03.06"]
[EventType "swiss"]
[EventRounds "11"]
[EventCountry "CRO"]
[SourceTitle "CBM 136"]
[Source "ChessBase"]
[SourceDate "2010.05.18"]
[SourceVersion "1"]
[SourceVersionDate "2010.05.18"]
[SourceQuality "1"]

1. e4 e5 2. Nf3 Nc6 3. Bb5 a6 4. Ba4 Nf6 5. d3 b5 6. Bb3 Be7 7. O-O ({White
can even play the immediate} 7. a4 $5 {- by this he avoids some Black
alternatives on move 8, as 8...Bg4 and 8...Bd7!?}) 7... d6 (7... O-O {mostly
only transposes, but it can also have an independent twist after} 8. c3 ({
Mainly for this reason White is in practice more successful with} 8. Re1 {, or}
) (8. a4 $5) 8... d5 $1 9. exd5 (9. Nbd2 {transposes to Morozevich - Bacrot.})
9... Nxd5 10. Re1 {Here we have a Marshall gambit, which White declined with
the innocuous 10.d3 - it's no wonder Black was fine after} Bf6 11. Nbd2 Nf4 12.
Ne4 Nxd3 13. Nxf6+ gxf6 14. Bh6 Nxe1 15. Qxe1 Ne7 16. Rd1 Qe8 17. Nh4 Be6 18.
Qe3 Ng6 19. Bxf8 Qxf8 20. Nxg6 hxg6 21. Bxe6 fxe6 22. Qe4 Qe8 23. g3 Rb8 24. h4
Rb6 25. Kh2 Rd6 26. Rxd6 cxd6 27. Qb7 d5 28. Qxa6 Qd7 $15 {Ponomariov,R (2717)
-Anand,V (2786)/Leon rpd/2007/}) 8. a4 {Only two other moves deserve attention,
as White shouldn't allow the exchange of his Bb3.} (8. a3 O-O (8... Be6 9. Bxe6
fxe6 10. c3 O-O 11. Nbd2 d5 $6 (11... Nd7 $142) 12. Qe2 Qd6 13. b4 Rfd8 14. Rd1
dxe4 15. Nxe4 Nxe4 16. Qxe4 Qd5 17. Bb2 a5 18. Rac1 Qxe4 19. dxe4 Bd6 20. h4
Rf8 21. c4 $1 $36 {Anand,V (2792)-Aronian,L (2750)/Mainz rpd/2007/}) 9. Nbd2
Na5 10. Ba2 c5 11. Re1 Nc6 12. Nf1 Be6 13. Bxe6 (13. Ne3 Bxa2 14. Rxa2 d5 $11)
13... fxe6 14. c3 Qd7 15. Ng3 c4 $5 16. b4 cxd3 17. Qxd3 Nd8 18. c4 Nf7 19. Bd2
Rac8 20. cxb5 Qxb5 (20... axb5 $11) 21. Qb3 Qc4 22. Qxc4 Rxc4 $132 {Anand,V 
(2792)-Aronian,L (2750)/Mainz rpd/2007/}) (8. c3 O-O 9. Re1 Be6 $5 ({An
overwhelming majority of players prefers} 9... Na5 {, as in Movsesian -
Predojevic. However, Black has more than one playable alternative.}) 10. Nbd2 (
10. Bxe6 fxe6 11. Nbd2 Nd7 $5 $11 {/\} 12. d4 Bf6) 10... Bxb3 (10... Qd7 11.
Nf1 Rfe8 12. Ne3 Bf8 13. Bc2 d5 14. Ng5 {Smirin,I (2659)-Carlsen,M (2675)/WCh
blitz Rishon Le Ziyyon/2006/} d4 15. Nxe6 fxe6 16. Ng4 Nxg4 17. Qxg4 dxc3 18.
bxc3 b4 $132) 11. axb3 (11. Qxb3 Nd7 12. Qc2 Nb6 13. Nf1 d5 14. Ng3 Qd7 15. Be3
dxe4 16. dxe4 Nc4 17. Nf5 Rfd8 18. Rad1 Qe6 19. Bc1 Rxd1 20. Rxd1 Rd8 21. b3
Rxd1+ 22. Qxd1 Nd6 $11 {Smyslov,V-Botvinnik,M/Moscow/1947/}) 11... a5 (11... d5
$132) 12. Nf1 Re8 13. Ne3 Bf8 14. Nf5 Ne7 15. Nxe7+ Bxe7 16. d4 Nd7 17. Qd3 c6
18. Be3 Qc7 19. Red1 {Asrian,K (2611)-Beliavsky,A (2630)/EU-ch rpd plof Warsaw/
2005/} Nf6 $132) 8... b4 {While this is the most fashionable choice, it's not
easy to prove an edge for White even after other moves:} (8... Rb8 {gives
White the a <->, but this didn't mean much after} 9. axb5 axb5 10. Nc3 O-O 11.
Nd5 (11. h3 Nb4 $5 12. Ne2 c5 13. Ng3 Be6 14. Bxe6 fxe6 15. c3 Nc6 16. Re1 Qd7
$11 17. d4 $6 exd4 18. cxd4 c4 19. Bg5 h6 $15 {Carlsen,M (2693)-Aronian,L 
(2759)/Elista cm/2007/}) 11... Nxd5 12. exd5 Nd4 13. Nxd4 exd4 14. Bd2 Bd7 15.
Ra5 $5 (15. Ra7 Ra8 16. Qa1 Qb8 17. Rxa8 Qxa8 18. Qa5 Qxa5 19. Bxa5 Rc8 20. Ra1
Ra8 21. Kf1 Kf8 22. Ra2 Ra7 $11 {Topalov,V (2804)-Anand,V (2803)/Leon rpd/2006/
}) 15... Ra8 16. Qa1 Qc8 17. Qa2 Qb7 18. Ra1 Rxa5 19. Qxa5 Rc8 20. Qa7 Qxa7 21.
Rxa7 Kf8 22. Ba5 Bd8 23. Kf1 f5 24. Ke2 Ke8 25. f4 h6 26. Kd2 g5 27. g3 Ke7 $14
{Bacrot,E (2705)-Gustafsson,J (2606)/Bundesliga 0607/2007/ Formally White is
somewhat better, but in the end he didn't manage to break Black's solid
defence.}) (8... Bg4 9. c3 (9. Nbd2 Nd4 $1 $11) 9... O-O 10. h3 {However, even
with the free tempo it's not easy to get anything tangible after} Bd7 (10...
Bxf3 11. Qxf3 Na5 12. Bc2 c5 13. Nd2 (13. axb5 axb5 14. Bg5 Nd7 15. Bxe7 Qxe7
16. Nd2 Nb6 17. Ra2 Ra7 18. Rfa1 Rfa8 19. Qd1 g6 20. Bb3 Qb7 21. Nf1 Nxb3 22.
Qxb3 Rxa2 23. Rxa2 Rxa2 24. Qxa2 Qa8 $11 {Stojanovic,D (2510)-Nikolic,P (2657)/
Sarajevo/2007/}) 13... Nd7 14. Nb3 Nc6 {Svetushkin,D (2568)-Nikolic,P (2674)/
EU-ch Plovdiv/2008/} 15. Qg3 $14) 11. Re1 Na5 12. Bc2 c5 13. Nbd2 Re8 14. Nf1
h6 15. Ne3 Bf8 16. Bd2 Nc6 17. Nh2 Ne7 18. Nhg4 Nxg4 19. hxg4 Be6 20. Nf5 Qd7
21. Be3 {Aveskulov,V (2535)-Sargissian,G (2643)/EU-ch Plovdiv/2008/} Nc6 {
/\d5<=>}) ({This means} 8... Bd7 $5 {is more solid, than the previous line:} 9.
c3 (9. Bd2 b4 $1 {פb1} (9... O-O 10. axb5 axb5 11. Nc3 Rxa1 12. Qxa1 Qb8 13.
Nd5 Nxd5 14. Bxd5 Nd8 15. Be3 c6 16. Bb3 Ne6 17. Qa2 Nc5 18. Bxc5 dxc5 19. h3
g6 20. Ra1 Kg7 21. Qa7 Qd6 $11 {Jakovenko,D (2710)-Aronian,L (2741)/WCup
Khanty Mansiysk/2007/}) 10. c3 O-O 11. h3 Rb8 12. Bc4 Qc8 13. Re1 Be6 14. Bxe6
Qxe6 15. d4 exd4 16. Nxd4 Nxd4 17. cxd4 d5 $1 18. exd5 Qd7 19. Bg5 {1/2,Anand,
V (2799)-Leko,P (2753)/Wijk aan Zee/2008/} h6 $15) 9... O-O 10. Re1 Na5 11. Bc2
c5 12. Nbd2 Re8 13. Nf1 Nc6 (13... h6 14. Ne3 Bf8 {is also OK for Black:} 15.
h3 c4 $5 16. axb5 axb5 17. Nh2 h5 18. dxc4 bxc4 19. Nf5 Qb6 20. Bg5 Nh7 21. Be3
Qxb2 22. Rb1 Qa2 23. Ra1 Qb2 24. Rb1 $11 {1/2,Bruzon Bautista,L (2648)
-Ivanchuk,V (2741)/Merida/2006/}) 14. Ne3 b4 15. Bb3 Na5 16. Ba2 Rb8 17. d4 $5
exd4 18. cxd4 Nxe4 19. Nd5 {Kamsky,G (2729)-Leko,P (2747)/Dresden olm/2008/}
Bf8 $1 $13 {/=/+}) (8... Bb7 9. Nc3 Na5 10. Ba2 b4 11. Ne2 c5 12. Ng3 O-O 13.
Bd2 Rb8 14. Nf5 {The unguarded f5-square is the main reason why nowadays
Black's B doesn't usually leave the c8-h3/^.} Bc8 15. N3h4 Be6 16. Qf3 Ne8 17.
Nxe7+ Qxe7 18. Nf5 Qd7 19. Qg4 Kh8 20. f4 $36 {Topalov,V (2690)-Beliavsky,A 
(2618)/EU-chT Batumi/1999/}) 9. a5 (9. Nbd2 O-O ({Black can go for a different
line with} 9... Na5 10. Ba2 O-O 11. c3 c5 (11... Rb8 12. d4 $5) 12. cxb4 cxb4
13. h3 $5 (13. Nc4 Rb8 14. Re1 Nc6 15. Ne3 Be6 16. Bxe6 fxe6 17. Nc4 Nd7 18.
Ncd2 Nc5 19. Nb3 Nxb3 20. Qxb3 Rxf3 21. gxf3 Nd4 22. Qd1 {Carlsen,M (2733)
-Aronian,L (2739)/Wijk aan Zee/2008/} Rc8 $11) 13... Be6 14. Bxe6 fxe6 15. Nb3
Nc6 16. Be3 Qd7 17. Rc1 Rfc8 18. Qd2 Bd8 19. Rc4 a5 20. Ra1 h6 21. Qe2 $13 {
/+/=,Efimenko,Z (2654)-Stern,R (2501)/Bundesliga 0910/2009/}) 10. h3 (10. a5 {
-9.a5}) 10... Na5 11. Ba2 c5 12. c3 Rb8 13. Re1 Qc7 14. Nc4 Be6 (14... bxc3 $5
15. bxc3 Be6 $11) 15. Nxa5 Bxa2 16. Rxa2 Qxa5 17. Bd2 bxc3 18. Bxc3 Qc7 19. Nd2
Nd7 20. Qg4 Nf6 21. Qg3 Nh5 22. Qf3 Nf4 23. Nc4 Qb7 24. Bd2 Ne6 25. Na5 Qc7 26.
Nc4 Rb3 27. Bc3 Bg5 $11 {Efimenko,Z (2680)-Postny,E (2674)/Dresden olm/2008/
Although White won this game after a long fight, at this point Black's
position is reasonably safe.}) 9... O-O 10. Nbd2 Rb8 {Can Black do without
this move?} ({More usual is} 10... Be6 11. Nc4 (11. Bc4 Qd7 (11... d5 12. exd5
Bxd5 13. Re1 Bxc4 14. Nxc4 e4 15. dxe4 Qxd1 16. Rxd1 Nxe4 17. Be3 Rfd8 18. Kf1
Rxd1+ 19. Rxd1 Nd6 20. Nfe5 Nxc4 21. Nxc6 Bd6 22. Rd4 Nxb2 23. Bd2 $36 {
Hracek,Z (2593)-Brunello,S (2339)/Turin olm/2006/}) 12. Re1 h6 13. Nf1 Rfe8 14.
b3 Bf8 15. Bb2 g6 16. Bxe6 Rxe6 17. d4 exd4 18. Nxd4 Nxd4 19. Qxd4 Qb5 20. c4
bxc3 21. Qxc3 Bg7 $132 {Kurnosov,I (2602)-Gagarin,V (2392)/Moscow/2009/}) 11...
h6 12. h3 Na7 $6 ({This is dubious. Here Black usually transposes with} 12...
Rb8 {, but}) (12... Qc8 13. Be3 Qb7 $5 {/\Rad8 is possibly worth trying.}) 13.
Be3 c5 14. c3 Nc6 15. Ba4 Qc7 16. Nb6 Rab8 17. Bxc6 Qxc6 18. cxb4 cxb4 19. Qa4
Qxa4 20. Rxa4 b3 21. Rc1 Rb7 22. d4 Nxe4 23. dxe5 Ng5 24. Bxg5 hxg5 25. exd6
Bxd6 26. Nxg5 Be5 27. Nxe6 fxe6 {Papp,G (2509)-Pakleza,Z (2495)/Sitges/2008/}
28. g3 $5 $14) 11. Nc4 h6 (11... Be6 12. Be3 Qc8 13. h3 Nd7 14. Re1 Bf6 15. Qd2
Nd4 $6 16. Bxd4 exd4 17. e5 dxe5 18. Ncxe5 Bxb3 19. cxb3 Bxe5 20. Nxe5 c5 21.
Rac1 $36 {Pogonina,N (2471)-Kovanova,B (2372)/EU-chW Plovdiv/2008/}) 12. h3 Be6
13. Be3 Qc8 14. Nfd2 (14. c3 $6 Qb7 15. Nfd2 d5 $1 16. exd5 Nxd5 $36 {
Perunovic,M (2579)-Sargissian,G (2643)/EU-ch Plovdiv/2008/}) (14. Qe2 Kh8 (
14... Qb7 $142) (14... Rd8) 15. Rfd1 Nh7 $6 16. d4 exd4 17. Nxd4 Nxd4 18. Bxd4
Rb5 19. Ba4 Rb8 20. Bc6 Bd7 21. Bxd7 Qxd7 22. Ne3 Rb5 23. Nd5 c5 24. Be3 $16 {
[%cal Rc2c4] /\c4,Palac,M (2559)-Jovanic,O (2504)/Zagreb/2008/}) (14. Re1 {
transposes into the 8.a4 Anti-Marshall, Black had no problems after} Rd8 15.
Qe2 Bf8 16. Nfd2 Qb7 17. Qf3 Kh7 18. Nf1 Ne7 19. Ng3 Ng6 20. Nh5 {1/2,Svidler,
P (2765)-Aronian,L (2752)/Morelia/Linares/2006/} Nxh5 21. Qxh5 Kg8 $11) 14...
Rd8 (14... Nh7 15. Ba4 Nd8 (15... Qb7 $5) 16. f4 exf4 17. Bxf4 f5 18. exf5 Bxf5
19. Qe2 (19. Ne3 Be6 20. d4 $5 $36) 19... Ne6 20. Be3 Kh8 21. Nb3 Bg6 22. Rxf8+
Nhxf8 23. Nd4 (23. Bc6 Nd8 24. Bf3 $14) 23... Nxd4 24. Bxd4 Ne6 25. Ba7 Ra8 26.
Be3 Bf6 27. Bc6 (27. Qg4 Kh7 28. Bc6 $14) 27... Nd4 $1 28. Bxd4 Bxd4+ 29. Kh1
Rb8 $11 {Hracek,Z (2624)-Howell,D (2597)/Hastings/2010/}) 15. Qe2 Qb7 (15... d5
$6 16. Ba4 $1 dxc4 17. Bxc6 cxd3 18. cxd3 $36 {[%cal Gc1c7] <->c}) 16. Ba4 Nd7
17. c3 d5 $6 (17... Na7 $5 18. d4 bxc3 19. bxc3 exd4 20. cxd4 d5 21. Rfb1 Qa8
$13) 18. exd5 Bxd5 19. f4 $5 exf4 20. Bxf4 $14 {Here White makes good use of
his R still being on f1.} Re8 (20... Bf6 21. Ne3 (21. d4 bxc3 22. bxc3 Nxd4 $13
) 21... Nc5 22. Bxh6 $1 $16 {[%cal Rf1f6] /\Rf6}) (20... Bg5 $5 21. Bxg5 hxg5
22. d4 $14) 21. d4 Bg5 22. Qf2 (22. Ne3 $36 {is interesting, but the text move
is more natural.}) 22... Bxf4 23. Qxf4 Nf6 $2 {Now Black's position quickly
falls apart.} (23... Re2 $142 $1 24. Ne3 $1 Ne7 25. Bxd7 Ng6 26. Qg4 Rxe3 (
26... Rxd2 27. c4 $16 {/\} Bc6 28. Rxf7 $1) 27. c4 Be6 28. Bxe6 Rxe6 29. Nb3
$36) 24. Ne3 $16 {[%cal Re3d5,Ye3f5] Nd5,Nf5} Be6 $6 (24... Re7 25. Qg3 $16) (
24... Rbd8 25. Rae1 $16) 25. Qf3 Bd7 $8 (25... bxc3 26. Bxc6 Qxb2 27. Ndc4 $18)
26. Nd5 $1 Re6 (26... Nxd5 27. Qxf7+ Kh8 28. Qxd5 $18) 27. Ne4 $1 $18 Nxe4 (
27... Nxd5 28. Nc5 Ne5 29. dxe5 Qa7 30. Qxd5 $18) 28. Qxf7+ Kh8 29. Qxd7 Rd6
30. Bxc6 Rxc6 (30... Rxd7 31. Bxb7 bxc3 (31... Rxb7 32. Nxb4 $18) 32. Nxc3 Nxc3
33. Bxa6 $18 {[%csl Ga5] o^a}) 31. Qe7 (31. Nxb4 Rg6 32. d5 Qa7+ 33. Kh2 Qe3
34. Qxc7 $8 Re8 35. Qf4 $18) (31. Rae1 $18) 31... Rd6 (31... bxc3 32. Rf8+ Rxf8
33. Qxf8+ Kh7 34. Qf5+ $1 (34. Ne7 $143 Qb3 35. Nxc6 cxb2) 34... Kh8 35. bxc3
Nf6 (35... Nxc3 36. Qf8+ Kh7 37. Ne7 $18) 36. Re1 Qb8 37. Qg6 Qf8 38. Re2 $22 {
+-}) 32. Rf8+ Rxf8 33. Qxf8+ Kh7 34. Ne7 Nf6 35. Rf1 {[%cal Rf1f6] /\Rf6} 1-0

[Event "EU-chT (Men) 18th"]
[Site "Porto Carras"]
[Date "2011.11.06"]
[Round "4.1"]
[White "Sutovsky, Emil"]
[Black "Adams, Michael"]
[Result "1/2-1/2"]
[WhiteElo "2696"]
[BlackElo "2734"]
[Annotator "Sutovsky,E"]
[PlyCount "71"]
[EventDate "2011.11.03"]
[EventType "team-swiss"]
[EventRounds "9"]
[EventCountry "GRE"]
[SourceTitle "CBM 146"]
[Source "ChessBase"]
[SourceDate "2012.01.18"]
[SourceVersion "1"]
[SourceVersionDate "2012.01.18"]
[SourceQuality "1"]
[WhiteTeam "Israel"]
[BlackTeam "England"]
[WhiteTeamCountry "ISR"]
[BlackTeamCountry "ENG"]

{The game was played in the fourth round of European Team Championships. At
the very moment when I saw the pairings, my mind started rechecking memory
archives in a desperate hope to find some fresh idea against Michael's pet
Marshall. It took some time, but then I decided to opt for another way...} 1.
e4 e5 2. Nf3 Nc6 3. Bb5 a6 4. Ba4 Nf6 5. O-O Be7 6. d3 {This slow system has
become more and more popular recently, and not without good reason. Some of
the players choose it just in order to avoid main lines, but there is another
approach to the problem - to try and prove White's advantage in these
seemingly still waters of this Ruy Lopez side line. Well, it used to be a side
line - we see more and more top players opting for this system, and Black
hasn't shown yet the path to equality.} b5 7. Bb3 d6 8. a4 Bd7 {One of the
main possibilities. An important alternative is 8...b4.} 9. Be3 $5 {A rather
fresh idea. The main continuation is 9.Nc3 b4 10.Ne2, trying to play on the
kingside. Well, having spent nearly all my career on the kingsides, I decided
to try a new approach..} O-O 10. h3 {Underlines White's slow strategy. The
following sequence of moves is logical and recommended by the silicon mind,
which evaluates the position after move 16 as equal, but during my preparation
I found this evaluation rather superficial.} Na5 11. Ba2 c5 12. axb5 axb5 13.
Nc3 b4 14. Nd5 Nxd5 15. Bxd5 Bc6 16. Bxc6 Nxc6 17. Nd2 {I'm not sure about
this move.} ({Another interesting option is} 17. Rxa8 Qxa8 18. Nd2 {as it is
not clear, what Black can achieve on the a-file.}) 17... Rxa1 18. Qxa1 Qa8 (
18... Bg5 {might be a better way, but it also doesn't equalise completely.})
19. Nc4 Qb7 (19... Qxa1 20. Rxa1 Rd8 21. Ra6 {is very unpleasant for Black, so
Michael tries to regroup in order to play ...d6-d5.}) 20. Qd1 Nd8 {A logical
move. My silly-con friend gives 20...Ra8 with total equality, but he will need
to pull a Houdini in order to prove it...} 21. f4 (21. Qg4 Ne6 22. Ra1 Ra8 23.
Rxa8+ Qxa8 24. g3 {is a bit better for White, but I felt it was time to open
the game.}) 21... d5 (21... exf4 22. Bxf4 d5 23. Nd6 Bxd6 24. Bxd6 Re8 {
is playable, but after 25.e5 White preserves some advantage.}) 22. Nxe5 f6 23.
Nf3 dxe4 24. dxe4 Qxe4 25. Re1 {It may seem, that Black has resolved all his
problems, but in fact the weak pawn on c5, and the ugly pawn on f6 secure
White's advantage.} Nf7 26. Bf2 Qb7 27. Qe2 Bd6 28. Qc4 Rc8 {This move
surprised me a bit.} ({I'd expected} 28... Qc7 29. g3 Rd8 30. Rd1 g6 31. Rd5
Kg7 {when White's edge, although tangible, shouldn't be sufficient for a win.})
29. Nd2 h6 {Another surprise, I had again expected 29...Qc7. Now 30.Ne4 looked
quite strong, but I wasn't sure about} 30. Nf3 (30. Ne4 Kh8 31. Qe6 Bf8 {
This looks very good, but I failed to see anything concrete. In fact, I don't
have anything forced here, but after a quiet move like 32.h4 Black's position
is very unpleasant. Still, the move in the game does have some sense, except
for the aesthetic value (he Nf3-d2-f3 manoeuvre is rarely seen in open
positions) - the knight intends to go to h4, and then to f5/g6, and now Black
can't parry this idea with the typical ...g7-g6 move.}) 30... Qc6 31. Re6 {
Wrong one!} ({I should have continued with my plan} 31. Nh4 Re8 32. Rxe8+ Qxe8
{and now simply} 33. b3 $1 {with a strategicaly winning position. Of course,
White has to show good technique in order to convert this one, but Black's
defensive task is almost unbearable.}) 31... Qd7 (31... Re8 32. Nd4 {was
losing on the spot, but after the move in the game, I didn't find anything
convincing - Black creates an unpleasant threat (...Bd6xf4), and I have to
waste precious time, parrying it.}) 32. Qd5 {Another inaccurate move, blowing
the remaining advantage.} ({After the strongest} 32. g3 $1 {Black would still
have to work hard in order to hold he position.}) 32... Rd8 33. Re4 Bf8 34.
Qxd7 Rxd7 35. Re8 Nd6 36. Ra8 {White's advantage has evaporated, and the draw
was agreed. Pity, as I almost managed to outplay such a fine positional player
as Adams on his own ground. Well, probably, I still have to look to the
kingside for my victories :)} 1/2-1/2